Joueur avec plus de 140 matchs en LDC - Mort Subite - Statistiques

Statistiques générales
  • Ce quiz a été pris 861 fois
    860 depuis la dernière actualisation
  • Le résultat moyen est 3 sur 12
Answers on the Grid
Answers color-coded by a green-red scale on the quiz's grid according to % correct below.
Andrés Iniesta
Cristiano Ronaldo
Gerard Piqué
Gianluigi Buffon
Iker Casillas
Karim Benzema
Lionel Messi
Luka Modrić
Manuel Neuer
Mbappé
Paolo Maldini
Pepe
Raúl
Robert Lewandowski
Ryan Giggs
Sergio Busquets
Sergio Ramos
Thomas Müller
Toni Kroos
Xabi Alonso
Xavi
Zlatan Ibrahimović
 
Statistiques - réponses
Réponse % Correct
183 Cristiano Ronaldo
47%
163 Lionel Messi
47%
142 Sergio Ramos
33%
152 Karim Benzema
31%
142 Luka Modrić
27%
150 Manuel Neuer
25%
177 Iker Casillas
24%
163 Thomas Müller
23%
151 Toni Kroos
21%
151 Xavi
15%
145 Ryan Giggs
14%
142 Raúl
11%
Aucun quiz correspondant
Distribution des résultats
% des personnes avec chaque résultat
Percentile par nombre de réponses
Votre historique - résultats
Vous n’avez pas pris ce quiz depuis la dernière actualisation